#1 Hits der 1970er-Jahre in Deutschland - Statistiken

Allgemein
  • Dieses Quiz wurde 2.964 mal gespielt
  • Das Durchschnittsergebnis liegt bei 14 aus 80
Antwortstatistiken
#1's Künstler % Korrekt
7 ABBA
95%
1 Udo Jürgens
76%
1 M
69%
8 Boney M
63%
1 Village People
53%
1 Dschinghis Khan
51%
1 Jürgen Drews
47%
1 Vader Abraham
38%
1 Blondie
35%
1 Roy Black
34%
2 Peter Maffay
32%
1 Michael Holm
30%
3 Smokie
30%
1 John Travolta & Olivia Newton-John
28%
1 Vicky Leandros
28%
1 Black Sabbath
27%
1 Juliane Werding
27%
2 Baccara
25%
1 Harpo
24%
1 Led Zeppelin
24%
8 The Sweet
24%
1 Bata Illic
20%
1 Christian Anders
20%
1 Simon & Garfunkel
20%
2 Bernd Clüver
19%
1 George Harrison
19%
1 Terry Jacks
18%
1 Wings
18%
1 Mungo Jerry
16%
1 Patrick Hernandez
16%
1 Wums Gesang
16%
1 Suzi Quatro
15%
1 Tony Christie
15%
1 Carl Douglas
14%
1 Cliff Richard
14%
1 The Les Humphries Singers
13%
1 Bachman-Turner-Overdrive
11%
1 Creedence Clearwater Revival
11%
1 Demis Roussos
11%
1 Frank Farian
11%
1 Pussycat
11%
1 The Rubettes
11%
1 Tony Marshall
11%
1 Clout
10%
1 Danyel Gérard
10%
1 David Dundas
10%
1 T.Rex
10%
1 Bellamy Brothers
9%
1 George Baker Selection
9%
1 Nazareth
9%
1 Santa Esmeralda / Leroy Gomez
9%
1 Hot Butter
8%
1 Luv'
8%
1 Norman Greenbaum
8%
1 Oliver Onions
8%
1 Penny McLean
8%
1 Dan The Banjo Man
7%
1 George McCrae
7%
1 Gilbert O'Sullivan
7%
1 Lobo
7%
1 Lynn Anderson
7%
1 Middle Of The Road
7%
1 Thom Pace
7%
1 Billy Swan
6%
1 Jeanette
6%
1 Mireille Mathieu
6%
1 Mouth & MacNeal
6%
1 Daisy Door
5%
1 Daniel Boone
5%
1 Die Windows
5%
1 Space
5%
1 5000 Volts
4%
1 Frijid Pink
4%
1 Marshall Hain
4%
1 Miguel Rios
4%
1 Jean-Claude Borelly
3%
1 Peret
3%
1 Pop Tops
3%
1 Shirley & Company
3%
1 Soulful Dynamics
3%
Keine übereinstimmenden Quizze gefunden
Verteilung der Resultate
Anzahl Personen mit jedem Resultat
Perzentil nach korrekt beantworteten Fragen
Ihre Resultats-Entwicklung
Sie haben dieses Quiz noch nicht gespielt